Final Fantasy IX (9) Moogles Quiz Stats

 Plays Quiz not verified by Sporcle

Challenge
Share
Tweet
Embed
Score 0/44 Timer 10:00
0 Plays Today
Location Name % Correct
With EikoMog
95.4%
Alexandria CastleKupo
78.5%
Travels the WorldStiltzkin
71.5%
Fossil RooKuppo
63.1%
BurmeciaAtla
45.4%
Chocobo's ForestMene
44.6%
World MapMoguo
44.6%
Lindblum Grand CastleMogki
39.2%
Madain SariMorrison
38.5%
Evil ForestMonty
36.9%
Village of DaliGumo
35.4%
Lindblum InnMoodon
35.4%
Alexandria ChapelMosh
34.6%
Esto GazaMogrika
33.8%
Ice CavernMois
33.1%
Madain SariMomatose
30.8%
Mountain PathSuzuna
30.8%
Madain SariChimomo
30%
South Gate CitadelGrimo
30%
Black Mage VillageMogryo
30%
Summit StationNazna
30%
DaguerreoNoggy
28.5%
Location Name % Correct
Ipsen's CastleKumool
27.7%
TrenoMogrich
27.7%
Dali UndergroundKumop
26.9%
Conde PetieMogmatt
25.4%
OeilvertMimoza
24.6%
Gizamaluke's GrottoMoguta
24.6%
Mount GulugMogtaka
24.6%
Red RoseSereno
23.8%
Madain SariMocha
23.1%
Madain SariMoco
23.1%
Dragon's GateMoonte
23.1%
Cleyra TrunkMonev
22.3%
Desert PalaceMojito
21.5%
Desert PalaceMogsam
20.8%
Mount GulugMoolan
20.8%
Cleyra SettlementMopli
20.8%
Gizamaluke's GrottoMogmi
20%
Bran Bal/PandemoniumMoorock
19.2%
Iifa TreeMocchi
18.5%
Prima Vista/Crash SiteMosco
16.9%
OeilvertMooel
16.2%
PandemoniumMozme
15.4%

You're not logged in!

Compare scores with friends on all Sporcle quizzes.
Join for Free
OR
Log In

You Might Also Like...

Show Comments

Extras

Top Quizzes Today


Score Distribution

Your Account Isn't Verified!

In order to create a playlist on Sporcle, you need to verify the email address you used during registration. Go to your Sporcle Settings to finish the process.

Report this User

Report this user for behavior that violates our Community Guidelines.

Details: